Countries: After O Quiz Stats

 Plays Quiz Updated Mar 21, 2016

Also try: Countries: After R
Challenge
Share
Tweet
Embed
Score 0/19 Timer 05:00
8 Plays Today
Letter after 'O' Name of Country % Correct
MUnited Kingdom
95.1%
RNorway
94.8%
LPoland
93%
-Mexico
93%
NTonga
92.8%
SLaos
85.8%
USouth Sudan
83%
VSlovakia
79.9%
TBotswana
74.4%
CMorocco
71.7%
Letter after 'O' Name of Country % Correct
FDemocratic Republic of the Congo
67.5%
ACroatia
67%
GTogo
62.6%
OCameroon
58.2%
ZMozambique
55.9%
DCambodia
38.6%
ICote d'Ivoire
33.4%
BTrinidad and Tobago
30.6%
PEthiopia
30.4%

You're not logged in!

Compare scores with friends on all Sporcle quizzes.
OR
Log In

You Might Also Like...

Show Comments

Extras

Top Quizzes Today


Score Distribution

Your Account Isn't Verified!

In order to create a playlist on Sporcle, you need to verify the email address you used during registration. Go to your Sporcle Settings to finish the process.

Report this User

Report this user for behavior that violates our Community Guidelines.

Details: